Carregando...

The Language of Kurichiyar: A Linguistic study

Detalhes bibliográficos
Autor principal: Arunkumar, P. K.
Formato: Dissertation
Publicado em: Thiruvananthapuram Dept. of Linguistics, University of Kerala 2010
Assuntos:
LEADER 00501nam a2200181 4500
020
082
100 |a Arunkumar, P. K. 
245 |a The Language of Kurichiyar: A Linguistic study  |h English 
250
260 |a Thiruvananthapuram  |b Dept. of Linguistics, University of Kerala  |c 2010 
300 |a 91 P  |b HB  |f Book 
500
650 |a Kurichiyar 
700
942 |c DISS 
999 |c 270173  |d 270173 
952 |0 0  |1 0  |4 0  |7 0  |9 286891  |a LIN  |b LIN  |d 2012-02-17  |l 0  |p LINT1841  |r 2020-02-06  |w 2020-02-06  |y DISS